serun
ՀԱՅ ԳԻՐՔ = Armenian Book

Կարոտիս ճանապարհներով / (Record no. 165566)

000 -LEADER
fixed length control field nam a22 a 4500
003 - CONTROL NUMBER IDENTIFIER
control field AM-YeNLA
005 - DATE AND TIME OF LATEST TRANSACTION
control field 20251219164218.0
007 - PHYSICAL DESCRIPTION FIXED FIELD--GENERAL INFORMATION
fixed length control field ta
008 - FIXED-LENGTH DATA ELEMENTS--GENERAL INFORMATION
fixed length control field 251219s2025 ai o|||gr|||||000|0|arm||
020 ## - INTERNATIONAL STANDARD BOOK NUMBER
International Standard Book Number 978-9939-0-5526-8
040 ## - CATALOGING SOURCE
Language of cataloging arm
Transcribing agency AM-YeNLA
041 0# - LANGUAGE CODE
Language code of text/sound track or separate title arm
100 1# - MAIN ENTRY--PERSONAL NAME
Personal name Ավդալյան, Մերուժան
9 (RLIN) 31108
245 10 - TITLE STATEMENT
Title Կարոտիս ճանապարհներով /
Statement of responsibility, etc. Մ. Ավդալյան ; Խմբագիրներ՝ Գ. Ավդալյան, Մ. Մարիկյան.
260 ## - PUBLICATION, DISTRIBUTION, ETC. (IMPRINT)
Place of publication, distribution, etc. Երևան ։
Name of publisher, distributor, etc. Հեղինակային հրատ.,
Date of publication, distribution, etc. 2025.
300 ## - PHYSICAL DESCRIPTION
Extent 143 էջ ։
Other physical details լուսանկար ;
Dimensions 21 սմ.
600 14 - SUBJECT ADDED ENTRY--PERSONAL NAME
Personal name Կարապետյանների գերդաստանը
650 14 - SUBJECT ADDED ENTRY--TOPICAL TERM
Topical term or geographic name as entry element Հատուկ տոհմագրություն
9 (RLIN) 27691
651 #4 - SUBJECT ADDED ENTRY--GEOGRAPHIC NAME
Geographic name Արագած գյուղ
General subdivision Պատմություն
Geographic subdivision ՀՀ Արագածոտնի մարզ
-- (Ապարան համայնք)
700 1# - ADDED ENTRY--PERSONAL NAME
Personal name Ավդալյան, Գ.
Relator term խմբագիր
Relator code edt
9 (RLIN) 31108
700 1# - ADDED ENTRY--PERSONAL NAME
Personal name Մարիկյան, Մ.
Relator term խմբագիր
Relator code edt
942 ## - ADDED ENTRY ELEMENTS (KOHA)
Source of classification or shelving scheme
Koha item type Books
Holdings
Withdrawn status Lost status Source of classification or shelving scheme Damaged status Not for loan Permanent Location Current Location Date acquired Inventory number Date last seen Price effective from Koha item type
          National Library of Armenia National Library of Armenia 2025-12-19 ՀԱԳ 2025-12-19 2025-12-19 Books

Հայաստանի ազգային գրադարան ՀՀ, 0009,Երևան, Տերյան 72
Հետադարձ կապ